1215 1024 1446 1281 1091 1518 1940 1012 1915 1835 1375 1158 1724 1714 1081 1864 1079 1781 1106 1210 1327 1804 1002 1993 1140 1942 1941 1089 1002 1819 1602 1379 1570 1206 1221 1874 1144 1816 1494 1062 1635 1148 1104 1239 1041 1189 1740 1324 1728 1987 1948 1498 1538 1239 1120 1666 1306 1331 1053 1517 1629 1739 1275 1679 1594 1954 1526 1634 1765 1096 1174 1641 1578 1891 1544 1727 1115 1542 1528 1395 1887 1664 1800 1477 1169 1449 1336 1824 1063 1546 1123 1780 1738 1631 1542 1387 1374 1841 1348 BCNSPRNW ULIB Ver.6.0+V

เปลี่ยนเป็นภาษาไทย

Change to English
 แสดงรายละเอียดบรรณานุกรม
  กลับหน้าหลัก

Brief Record : Get Marc (ISO 2709) : E-mail record : QR code < ปิดหน้าต่าง
LEADER : 00000nam 2200000uu 4500
001    13399114654
003     ULIB
008    120426s2552||||th 000 0 tha d
020    ^a9749741111305
050  0 ^aPE1116.N8^bธ129M 2552
110 1  ^aโรงพยาบาลศิริราช.^bฝ่ายการพยาบาล
245 10 ^aMay i help you พูดง่ายๆสไตล์พยาบาล^cฝ่ายการพยาบาล โรงพยาบาลศิริราช
250    ^aพิมพ์ครั้งที่ 2
260    ^aนนทบุรี : ^bปริ้นโอเชี่ยน,^c2552
300    ^a190 หน้า
650  0 ^aภาษาอังกฤษ^xการใช้ภาษา^xพยาบาล
650  0 ^aภาษาอังกฤษ^xบทสนทนาและวลี
700 0  ^aธชพร เทศะศิลป์
945    ^p200^l0^i15908
945    ^p200^l0^i19243
945    ^p200^l0^i19244
995    ^aกัณชพร
999    ^aใช้งานได้ทุกระบบ
รายการนี้ยังไม่มีแท็ก
คุณยังไม่ได้ล็อกอิน คุณสามารถมีกิจกรรมร่วมกับเว็บไซต์ได้ แต่ต้องล็อกอินก่อน ::
  ล็อกอิน

รายการสื่อสารสนเทศ

ลำดับที่ ประเภท เลขเรียก/บาร์โค้ด สถานที่ สถานะ
- ไม่พบข้อมูล -

BibComment


ยังไม่เคยถูกคอมเมนท์

คอมเมนท์ทรัพยากรรายการนี้
  คอมเมนท์: May i help you พ..


 Copyright 2026. Bcnsprnw @Library